The Symphony Quiz - Statistics

General Stats
  • This quiz has been taken 52 times
  • The average score is 12 of 20
Answer Stats
Question Answer % Correct
Which composer is often referred to as the "Father of the Symphony" (as we intend it nowadays)? Franz Joseph Haydn
100%
And how many numbered symphonies did their "father" write? 104
95%
Who composed but did not complete his 8th symphony, which is now unanimously known as the "Unfinished" Franz Schubert
89%
Which symphony did Beethoven originally dedicate to Napoleon, but later renamed it when the frenchman crowned himself as emperor? 3rd
84%
Three Mozart symphonies are known by the name of a city. Which are those cities? Paris, Linz, Prague
84%
Who wrote the text of the famous "Ode to Joy", the 4th movement of Beethoven's Ninth? Friedrich Schiller
79%
What symphonic work did Mahler compose after finishing his 8th, but didn't call it a symphony in fear of the infamous "Curse of the Ninth"? Das Lied von der Erde
74%
What are the titles of the two symphonies Liszt composed? "Faust" and "Dante"
68%
Which of the following is NOT a movement from Berlioz's "Symphonie Fantastique" Dance of the Skeletons
63%
If I talk about "Espansiva", "Semplice" and "The Inextinguishable", to whose symphonies am I referring to? Carl Nielsen
58%
What keyboard instruments feature in Saint-Saëns' 3rd Symphony? Organ and piano
58%
Which of Brahms' symphonies ends with a notorious and ominous Passacaglia? 4th
47%
Which of Sibelius' symphonies is known for his original sparse finale? 5th
47%
Antonín Dvořák's "From the New World" is his 9th symphony, but it was published as his... 5th
42%
Which one of these composers has NEVER written a symphony with choir and/or singers Anton Bruckner
42%
And who HASN'T ever composed a symphony at all? Béla Bartók
37%
In Luciano Berio's "Sinfonia", which of these works are played over a nearly exact version of Mahler 2's scherzo? Ravel's "La Valse", Stravinsky's "Rite of Spring", Strauss' "Der Rosenkavalier"
32%
How many symphonies did Allan Pettersson (the saddest man of whole Sweden) write? 17
26%
In Shostakovich's 7th Symphony "Leningrad", the "Nazi invasion theme" has quotation of: An aria from Lehár's "The Merry Widow"
26%
Which of these symphonies features an electric guitar and an electric bass? Schnittke's 1st
26%
No matching quizzes found
Score Distribution
Percent of People with Each Score
Percentile by Number Answered
Your Score History
You have not taken this quiz